000 00738nam a22002417a 4500
001 74614
003 BD-RjUL
005 20211209082559.0
008 181101s2010 ii ||||| b||| 001 0 eng d
020 _a9788122427431
035 _a(BD-RjUL)74832
040 _aBD-RjUL
_beng
_cBD-RjUL
041 _aeng
082 _222
_a630.954
_bCHT 2010
100 _aChandrasekaran, B.
_9224657
245 _aA text book of Agronomy /
_cB. Chandrasekaran, K. Annadurai, E. Somasundaram.
300 _axx, 835 pages :
_billustrations ;
_c25 cm.
504 _aIncludes bibliographical references and index.
650 _aAgronomy
_9224654
_zIndia
700 _aAnnadurai, K.
_9224658
700 _aSomasundaram, E.
_9224665
942 _2ddc
_cBK
999 _c74614
_d74614